000 00634nam a2200229Ia 4500
005 20221017122655.0
008 131103s9999 xx 000 0 und d
020 _aSBN710064276
040 _aLoreto College
041 _aEnglish
082 _a153.15
_bMAC
100 _aMcFarland, H. S. N.
245 _aHuman learning
_b a developmental analysis
_cH. S. N. McFarland
260 _aLondon
_bRoutledge & Kegan
_c1969
300 _aviii,128p
440 _aThe Students library of education
504 _aIncludes bibliographical references
650 _aLearning
651 _aPsychology
850 _aLCLIB
942 _cBK
999 _c19363
_d69842